<?xml version="1.0" encoding="UTF-8"?><?xml-stylesheet type="text/xsl" href="static/style.xsl"?><OAI-PMH xmlns="http://www.openarchives.org/OAI/2.0/" xmlns:xsi="http://www.w3.org/2001/XMLSchema-instance" xsi:schemaLocation="http://www.openarchives.org/OAI/2.0/ http://www.openarchives.org/OAI/2.0/OAI-PMH.xsd"><responseDate>2026-04-17T10:43:35Z</responseDate><request verb="GetRecord" identifier="oai:www.recercat.cat:10230/61021" metadataPrefix="marc">https://recercat.cat/oai/request</request><GetRecord><record><header><identifier>oai:recercat.cat:10230/61021</identifier><datestamp>2025-12-25T19:56:48Z</datestamp><setSpec>com_2072_6</setSpec><setSpec>col_2072_452954</setSpec></header><metadata><record xmlns="http://www.loc.gov/MARC21/slim" xmlns:dcterms="http://purl.org/dc/terms/" xmlns:xsi="http://www.w3.org/2001/XMLSchema-instance" xmlns:doc="http://www.lyncode.com/xoai" xsi:schemaLocation="http://www.loc.gov/MARC21/slim http://www.loc.gov/standards/marcxml/schema/MARC21slim.xsd">
   <leader>00925njm 22002777a 4500</leader>
   <datafield ind2=" " ind1=" " tag="042">
      <subfield code="a">dc</subfield>
   </datafield>
   <datafield ind2=" " ind1=" " tag="720">
      <subfield code="a">Vives Requena, Ignasi</subfield>
      <subfield code="e">author</subfield>
   </datafield>
   <datafield ind2=" " ind1=" " tag="260">
      <subfield code="c">2024-09-05T10:14:06Z</subfield>
   </datafield>
   <datafield ind2=" " ind1=" " tag="260">
      <subfield code="c">2024-09-05T10:14:06Z</subfield>
   </datafield>
   <datafield ind2=" " ind1=" " tag="260">
      <subfield code="c">2024-05-29</subfield>
   </datafield>
   <datafield ind2=" " ind1=" " tag="520">
      <subfield code="a">Treball de Fi de Grau en Dret. Curs 2023-2024</subfield>
   </datafield>
   <datafield ind2=" " ind1=" " tag="520">
      <subfield code="a">Tutor: Iván Rodríguez Florido</subfield>
   </datafield>
   <datafield ind2=" " ind1=" " tag="520">
      <subfield code="a">La intel·ligència artificial és una tecnologia que permet processar grans quantitats de dades i generar prediccions, recomanacions o decisions que influeixen en els entorns en què interactua. En un context d’expansió de les ciutats i, també, d’aquesta eina, tant les administracions públiques com els particulars estan explorant quines aplicacions pot tenir per tal de millorar la vida de les persones. Aquest treball tracta quines implicacions té la intel·ligència artificial en el planejament urbanístic, tant des d’una perspectiva normativa, com teòrica i pràctica, tot analitzant la legislació que hi ha al respecte i els estudis que s’han realitzat arreu. El potencial d’aquesta tecnologia i els seus continus descobriments fan que vagin sorgint riscos que els poders públics han de regular. La capacitat que pot aportar a les administracions pot ajudar a esmenar els errors que s’han comès a l’hora de planificar les ciutats. Finalment, Barcelona és un gran exemple de per què la intel·ligència artificial es pot aplicar en entorns urbans i de com pot contribuir a fer-los més eficients, respectables amb el medi ambient i on la ciutadania pugui contribuir a dissenyar les ciutats del futur, d’acord amb les seves necessitats i preferències.</subfield>
   </datafield>
   <datafield tag="653" ind2=" " ind1=" ">
      <subfield code="a">Treball de fi de grau – Curs 2023-2024</subfield>
   </datafield>
   <datafield tag="653" ind2=" " ind1=" ">
      <subfield code="a">Intel·ligència artificial</subfield>
   </datafield>
   <datafield tag="653" ind2=" " ind1=" ">
      <subfield code="a">Intel·ligència artificial – Dret i legislació</subfield>
   </datafield>
   <datafield tag="653" ind2=" " ind1=" ">
      <subfield code="a">Dret urbanístic – Legislació</subfield>
   </datafield>
   <datafield tag="653" ind2=" " ind1=" ">
      <subfield code="a">Urbanisme (Barcelona)</subfield>
   </datafield>
   <datafield ind2="0" ind1="0" tag="245">
      <subfield code="a">L’urbanisme intel·ligent: l&amp;apos;ús de la intel·ligència artificial en el planejament urbanístic</subfield>
   </datafield>
</record></metadata></record></GetRecord></OAI-PMH>